(Registro nro. 3308)
[ vista simple ]
| 000 -CABECERA | |
|---|---|
| campo de control de longitud fija | 01623cam a22003017a 4500 |
| 001 - NÚMERO DE CONTROL | |
| campo de control | 241272 |
| 003 - IDENTIFICADOR DEL NÚMERO DE CONTROL | |
| campo de control | AR-RoIUNI |
| 005 - FECHA Y HORA DE LA ÚLTIMA TRANSACCIÓN | |
| campo de control | 20160923095040.0 |
| 007 - CAMPO FIJO DE DESCRIPCIÓN FÍSICA--INFORMACIÓN GENERAL | |
| campo de control de longitud fija | ta |
| 008 - DATOS DE LONGITUD FIJA--INFORMACIÓN GENERAL | |
| campo de control de longitud fija | 990608s1999 ag rb 000 0 spa d |
| 010 ## - NÚMERO DE CONTROL DE LA BIBLIOTECA DEL CONGRESO | |
| Número de control de LC | 99214135 |
| 020 ## - NÚMERO INTERNACIONAL ESTÁNDAR DEL LIBRO | |
| Número Internacional Estándar del Libro | 9502308565 |
| 035 ## - NÚMERO DE CONTROL DEL SISTEMA | |
| Número de control de sistema | (DLC) 99214135 |
| 035 ## - NÚMERO DE CONTROL DEL SISTEMA | |
| Número de control de sistema | (AgBaFGC)gc 960774300001 |
| 040 ## - FUENTE DE LA CATALOGACIÓN | |
| Centro catalogador/agencia de origen | DLC |
| Centro/agencia transcriptor | |
| Centro/agencia modificador | DLC |
| 080 ## - NÚMERO DE LA CLASIFICACIÓN DECIMAL UNIVERSAL | |
| Número de la Clasificación Decimal Universal | 101.9:82-4 |
| 245 00 - MENCIÓN DE TÍTULO | |
| Título | Vidas filosóficas : |
| Resto del título | el seminario de los jueves / |
| Mención de responsabilidad, etc. | [Tomás Abraham, presenta]. |
| 250 ## - MENCIÓN DE EDICIÓN | |
| Mención de edición | 1a. ed. |
| 260 ## - PUBLICACIÓN, DISTRIBUCIÓN, ETC. (PIE DE IMPRENTA) | |
| Lugar de publicación, distribución, etc. | Buenos Aires : |
| Nombre del editor, distribuidor, etc. | EUDEBA, |
| Fecha de publicación, distribución, etc. | 1999. |
| 300 ## - DESCRIPCIÓN FÍSICA | |
| Extensión | 489 p. ; |
| Dimensiones | 23 cm. |
| 490 0# - MENCIÓN DE SERIE | |
| Mención de serie | Ensayo negro |
| 504 ## - NOTA DE BIBLIOGRAFÍA, ETC. | |
| Bibliografía, etc. | |
| 505 1# - NOTA DE CONTENIDO CON FORMATO | |
| Nota de contenido con formato | Atisbos sobre Sartre: ligereza, inteligencia, aventurerismo / Carlos Correas -- Maquiavelo o el espejo de tinta / Marcelo Pompei -- Sócrates: la fundación / Mónica Cabrera -- Filosofía y vida en Aristóteles / Alfredo B. Tzveibel -- Kierkegaard: el aguijón en la carne / Mónica Virasoro -- Agustín: una tensión existencial / Miguel Rossi -- Foucault, más de una muerte / Felisa Santos -- Levinas, o ¿cómo vivir en esta tierra? / Alfredo Siedl -- Vida filosófica de Georg Wilhelm Friedrich Hegel / Álvaro Gabriel Vives -- Edith Stein (la constitución de sí) / Edith Elorza -- Ludwig Wittgenstein: vivir y pensar el límite / Silvia Rivera -- Heidegger y una deuda / Eduardo Pastor Osswald -- El lejano occidente de Maimónides / David Krapf -- Henri Bergson o La construcción del hombre de bien / Josefina Sartora. |
| 650 #4 - PUNTO DE ACCESO ADICIONAL DE MATERIA--TÉRMINO DE MATERIA | |
| Término de materia o nombre geográfico como elemento inicial | PSICOLOGÍA |
| 650 #4 - PUNTO DE ACCESO ADICIONAL DE MATERIA--TÉRMINO DE MATERIA | |
| Término de materia o nombre geográfico como elemento inicial | FILOSOFÍA |
| 700 1# - PUNTO DE ACCESO ADICIONAL--NOMBRE DE PERSONA | |
| Nombre de persona | Abraham, Tomás. |
| 942 ## - ELEMENTOS DE PUNTO DE ACCESO ADICIONAL (KOHA) | |
| Fuente del sistema de clasificación o colocación | Clasificación Decimal Universal |
| Tipo de ítem Koha | Libros |
| Estado de retiro | Estado de pérdida | Fuente del sistema de clasificación o colocación | Estado dañado | Excepción de préstamo | Código de colección | Localización permanente | Ubicación/localización actual | Ubicación en estantería | Fecha de adquisición | Número de inventario | Total de préstamos | Signatura topográfica completa | Código de barras | Fecha visto por última vez | Número de copia | Precio válido a partir de | Tipo de ítem Koha | Nota pública |
|---|---|---|---|---|---|---|---|---|---|---|---|---|---|---|---|---|---|---|
| Clasificación Decimal Universal | Psicología | BIBLIOTECA RIOBAMBA | BIBLIOTECA RIOBAMBA | BIBLIOTECA RIOBAMBA | 22/08/2016 | 3406 | 101.9:82-4 VID | 3406 | 23/09/2016 | 1 | 23/09/2016 | Libros | Donación Pablo Zöpke |

